LDR 00890naa#a2200241#i#450# 001 EN\\bibl\115447 005 20260630051143.2 011 ## _a2077-7566 100 ## _a20260629b2026####ek#y0engy0150####ca 101 0# _aRUS 102 ## _aRU 200 1# _aA COMPLEX APPROACH TO THE DIAGNOSIS AND TREATMENT OF TMJ DYSFUNCTION: RATIONALE FOR THE INCLUSION POSTUROLOGICAL SCREENING _eJournal article 210 1# _aEkaterinburg _cTIRAZH Publishing House _d2026 215 ## _a5 с. 608 ## _aJournal article _2local 675 ## _aСтоматология. Заболевания ротовой полости и зубов. 616.31 _zRUS 686 ## _aКлиническая медицина. 76.29 _2grnti 700 #1 _aDubova _gLyubov V. 700 #1 _aMinatullaev _gRasul A. 700 #1 _aMadjidova _gElizaveta R. 700 #1 _aRomankova _gNatalia V. 700 #1 _aKharchenko _gDmitry A. 856 4# _adental-press.ru _u